| 000 | 00381nam a22001457a 4500 | ||
|---|---|---|---|
| 008 | 230427b ||||| |||| 00| 0 eng d | ||
| 020 | _a9781455776856 | ||
| 041 | _aeng | ||
| 080 |
_24TH EDITION _a616.31 |
||
| 082 | _a616.31FEH | ||
| 100 | _a12 | ||
| 101 | _aSTOMATOL | ||
| 245 |
_aILLUSTRATED DENTALK EMBRYOLOGY HISTOLOGY AND ANATOMY _cFEHRENBACH / POPOWICS |
||
| 942 |
_2udc _cBK |
||
| 999 |
_c59633 _d59633 |
||